INDIA BETRAYED: THE ROLE OF NEHRU (Record no. 29283)

MARC details
000 -LEADER
fixed length control field 00268nam a22001217a 4500
003 - CONTROL NUMBER IDENTIFIER
control field SGT
082 ## - DEWEY DECIMAL CLASSIFICATION NUMBER
Classification number 8170490820
Item number I97S
100 ## - MAIN ENTRY--PERSONAL NAME
Personal name SHARMA, B.N.
245 ## - TITLE STATEMENT
Title INDIA BETRAYED: THE ROLE OF NEHRU
260 ## - PUBLICATION, DISTRIBUTION, ETC. (IMPRINT)
Name of publisher, distributor, etc MANAS PUBLICATIONS
Year of Publication 1997
300 ## - PAGE DESCRIPTION
No. of Pages 421
942 ## - ADDED ENTRY ELEMENTS (KOHA)
Source of classification or shelving scheme Dewey Decimal Classification
Koha item type Books

No items available.